Click Oceanic Islands on the Map - Hard - Statistics

General Stats
  • This quiz has been taken 42 times
  • The average score is 20 of 25
Answers on the Map
Answers color-coded by a green-red scale on the quiz's map according to % correct below.
 
Answer Stats
Answer % Correct
New Guinea
100%
North Island
100%
South Island
100%
Tasmania
100%
Hawai`i
94%
Kangaroo Island
94%
Tahiti
91%
Nauru
88%
Kaua`i
82%
New Britain
82%
O`ahu
79%
Yos Sudarso
79%
Grande Terre
76%
Vanua Levu
74%
Norfolk Island
71%
Viti Levu
71%
Niue
68%
Samoa
68%
New Ireland
65%
Santa Isabel Island
65%
Bougainville
62%
Guam
62%
Wake Island
62%
Chatham Island
59%
Stewart Island
59%
No matching quizzes found
Score Distribution
Percent of People with Each Score
Percentile by Number Answered
Your Score History
You have not taken this quiz